Brussels Municipalities Quiz - Statistics

General Stats
  • This quiz has been taken 41 times
  • The average score is 8 of 20
Answers on the Map
Answers color-coded by a green-red scale on the quiz's map according to % correct below.
 
Answer Stats
Answer Dutch % Correct
Anderlecht
78%
Ukkel
78%
Schaarbeek
59%
Etterbeek
52%
Elsene
48%
Elsene
48%
Jette
48%
Sint-Gillis
37%
Sint-Jans-Molenbeek
37%
Sint-Pieters-Woluwe
37%
Vorst
37%
Koekelberg
33%
Evere
30%
Sint-Lambrechts-Woluwe
26%
Brussel-Stad
22%
Sint-Agatha-Berchem
22%
Sint-Joost-ten-Node
22%
Oudergem
19%
Watermaal-Bosvoorde
19%
Ganshoren
15%
No matching quizzes found
Score Distribution
Percent of People with Each Score
Percentile by Number Answered
Your Score History
You have not taken this quiz